Activity Based Costing (ABC), Activity Based Management (ABM) y Activity Based Budgeting (ABB) (Registro nro. 11217)

Detalles MARC
000 -LEADER
fixed length control field 00399 a2200121 4500
001 - CONTROL NUMBER
control field ART_5746
005 - DATE AND TIME OF LATEST TRANSACTION
control field 20260410161617.0
008 - FIXED-LENGTH DATA ELEMENTS--GENERAL INFORMATION
fixed length control field 260409a
100 1# - MAIN ENTRY--PERSONAL NAME
Personal name Capasso, Carmelo L.
245 10 - TITLE STATEMENT
Title Activity Based Costing (ABC), Activity Based Management (ABM) y Activity Based Budgeting (ABB)
700 1# - ADDED ENTRY--PERSONAL NAME
Personal name Marchione, Julio César
773 0# - HOST ITEM ENTRY
Title Enfoques
Related parts - Nº 2 (feb. 2007)
Record control number REV416

No hay ítems disponibles.